| 000 | 00630cam a2200193 a 4500 | ||
|---|---|---|---|
| 020 | _a067508041X (pbk.) | ||
| 082 | 0 | 0 |
_a005.133 CO _bRIC _cMCE-L02,P-96 |
| 100 | 1 |
_aRichards, Thomas C. _936722 |
|
| 245 | 1 | 0 |
_aCOBOL, a structured approach / _cThomas C. Richards, Robert S. Cheney. |
| 260 |
_aDelhi : _bCBS. Co., _cc1981. |
||
| 300 |
_ax, 395 p. : _bill. ; _c26 cm. |
||
| 500 | _aIncludes index. | ||
| 526 |
_a0 _b0 _c0 _d005_133000000000000_CO_RIC |
||
| 650 | 0 |
_aCOBOL (Computer program language) _936723 |
|
| 650 | 0 |
_aMCE _9379 |
|
| 650 | 0 |
_aStructured programming. _93675 |
|
| 700 | 1 |
_aCheney, Robert S. _936724 |
|
| 942 |
_2ddc _cBK |
||
| 999 |
_c541708 _d541708 |
||